| 000 | 00664cam a2200217 4500500 | ||
|---|---|---|---|
| 005 | 20260405000728.0 | ||
| 041 | _afre | ||
| 042 | _adc | ||
| 100 | 1 | 0 |
_aLegros, Martin _eauthor |
| 245 | 0 | 0 | _aÉric-Emmanuel Schmitt, Abdennour Bidar. Après la mort de Dieu… |
| 260 | _c2009. | ||
| 500 | _a45 | ||
| 690 | _aAbdennour Bidar | ||
| 690 | _aAthéisme | ||
| 690 | _achristianisme | ||
| 690 | _aÉric-Emmanuel Schmitt | ||
| 690 | _aIslam | ||
| 690 | _aReligion | ||
| 786 | 0 | _nPhilosophie magazine | 27 | 3 | 2009-03-01 | p. 2-3 | 1951-1787 | |
| 856 | 4 | 1 | _uhttps://shs.cairn.info/magazine-philosophie-magazine-2009-3-page-2?lang=fr&redirect-ssocas=7080 |
| 999 |
_c2040215 _d2040215 |
||